Cálculo modular de máquinas eléctricas : manual práctico
Guardado en:
| Autor principal: | |
|---|---|
| Formato: | Libro |
| Lenguaje: | Spanish |
| Publicado: |
Barcelona : Alfaomega Marcombo,
c1994.
|
| Materias: | |
| Etiquetas: |
Agregar Etiqueta
Sin Etiquetas, Sea el primero en etiquetar este registro!
|
MARC
| LEADER | 00000nam a2200000Ia 4500 | ||
|---|---|---|---|
| 003 | 000563 | ||
| 005 | 20221231144011.0 | ||
| 008 | 140114s1994 ck a 000 ||spa d | ||
| 040 | |c cru CEDI | ||
| 082 | |a 621.313 C823ca | ||
| 100 | |a Corrales Martín, Juan, 1907-2000 |9 19484 | ||
| 245 | |a Cálculo modular de máquinas eléctricas : manual práctico | ||
| 260 | |a Barcelona : Alfaomega Marcombo, |c c1994. | ||
| 300 | |a 141 páginas : ilustraciones | ||
| 650 | |x MAQUINAS ELECTRICAS |x DISEÑO |9 19485 | ||
| 942 | |2 ddc |c BK | ||
| 999 | |c 15419 |d 15419 | ||
